Best practices of geoinformatic technologies for the mapping of archaeolandscapes /
New geoinformatic technologies have recently had a transformative effect on landscape archaeology, particularly by facilitating the high resolution acquisition and analysis of data over large areas. These techniques have fundamentally changed the nature and scope of questions that can be addressed r...
مؤلفون آخرون:
التنسيق: كتاب الكتروني
اللغة: English
منشور في:
Oxford :
Archaeopress Publishing Ltd,
[2015]
سلاسل:
Archaeopress archaeology.
الموضوعات:
الوصول للمادة أونلاين: Login to view Source
الوسوم: إضافة وسم
رقم الطلب: CC76.3 .B47 2015
| LEADER | 02539nam a2200445 i 4500 | ||
|---|---|---|---|
| 001 | EDZ0001352771 | ||
| 003 | StDuBDS | ||
| 005 | 20230412181606.0 | ||
| 006 | m|||||o||d|||||||| | ||
| 007 | cr ||||||||||| | ||
| 008 | 160314t20152015enka f 000|0|eng|d | ||
| 020 | |a 9781784911638 (PDF ebook) : |c No price | ||
| 040 | |a StDuBDS |b eng |c StDuBDS |e rda |e pn | ||
| 050 | 0 | |a CC76.3 |b .B47 2015 | |
| 082 | 0 | 4 | |a 930.1 |2 23 |
| 245 | 0 | 0 | |a Best practices of geoinformatic technologies for the mapping of archaeolandscapes / |c edited by Apostolos Sarris. |
| 264 | 1 | |a Oxford : |b Archaeopress Publishing Ltd, |c [2015] | |
| 264 | 4 | |c ©2015 | |
| 300 | |a 1 online resource : |b illustrations (black and white, and colour). | ||
| 336 | |a text |2 rdacontent | ||
| 336 | |a still image |2 rdacontent | ||
| 337 | |a computer |2 rdamedia | ||
| 338 | |a online resource |2 rdacarrier | ||
| 490 | 1 | |a Archaeopress archaeology | |
| 520 | 8 | |a New geoinformatic technologies have recently had a transformative effect on landscape archaeology, particularly by facilitating the high resolution acquisition and analysis of data over large areas. These techniques have fundamentally changed the nature and scope of questions that can be addressed regarding the archaeological record. Despite this stimulating potential, many practising archaeologists were not trained in these methods and so are not fully aware of their capabilities or the most appropriate ways to apply them. This volume collates state of the art research in the fields of geophysics, geochemistry, aerial imaging, dating, digital archaeology, GIS and marine archaeology to present a comprehensive overview of the specialised techniques which can contribute to landscape scale archaeological investigations. | |
| 521 | |a Specialized. | ||
| 588 | |a Description based on online resource; title from home page (viewed on March 9, 2016). | ||
| 650 | 0 | |a Archaeology |x Remote sensing. | |
| 650 | 0 | |a Archaeological surveying. | |
| 650 | 0 | |a Landscape archaeology |x Equipment and supplies. | |
| 650 | 0 | |a Excavations (Archaeology) |z Greece. | |
| 650 | 0 | |a Archaeological surveying |z Greece. | |
| 650 | 0 | |a Landscape archaeology |z Greece. | |
| 700 | 1 | |a Sarris, Apostolos, |e editor. | |
| 776 | 0 | 8 | |i Print version : |z 9781784911621 |
| 830 | 0 | |a Archaeopress archaeology. | |
| 856 | 4 | 0 | |3 Archaeopress |u http://library.arce.org:8087/Archaeopress/Products/9781784911621 |
| 942 | |2 lcc |c EBOOK | ||
| 952 | |0 0 |1 0 |4 0 |6 CC00763 |7 1 |9 46078 |a ARCH |b ARCH |d 2023-04-12 |l 0 |o CC76.3 |r 2023-04-12 00:00:00 |w 2023-04-12 |y EBOOK | ||
| 999 | |c 51736 |d 51736 | ||
